WARTA GAPENA (Record no. 95074)

MARC details
000 -LEADER
fixed length control field 00841nas a2200265 n 4500
001 - CONTROL NUMBER
control field C2-0289699
003 - CONTROL NUMBER IDENTIFIER
control field PPAK
005 - DATE AND TIME OF LATEST TRANSACTION
control field 20250309121956.0
008 - FIXED-LENGTH DATA ELEMENTS--GENERAL INFORMATION
fixed length control field 080828s20049999my mr||| ||||| | may d
040 ## - CATALOGING SOURCE
Original cataloging agency PPAK
Language of cataloging eng
Transcribing agency PPAK
Description conventions rda
082 04 - DEWEY DECIMAL CLASSIFICATION NUMBER
Edition number 23
Classification number 899.23
090 00 - LOCALLY ASSIGNED LC-TYPE CALL NUMBER (OCLC); LOCAL CALL NUMBER (RLIN)
Classification number (OCLC) (R) ; Classification number, CALL (RLIN) (NR) 899.23
Feature heading WAR
Feature heading KSS
Classification number (OCLC) (R) ; Classification number, CALL (RLIN) (NR) 899.23
Feature heading WAR
Feature heading KZR
245 00 - TITLE STATEMENT
Title WARTA GAPENA
264 #1 - PRODUCTION, PUBLICATION, DISTRIBUTION, MANUFACTURE, AND COPYRIGHT NOTICE
Place of production, publication, distribution, manufacture Kuala Lumpur :
Name of producer, publisher, distributor, manufacturer Gabungan Persatuan Penulis Nasional Malaysia,
Date of production, publication, distribution, manufacture, or copyright notice 2004
300 ## - PHYSICAL DESCRIPTION
Extent 1 volume (various pagings) :
Other physical details colour photographs ;
Dimensions 30 cm
336 ## - CONTENT TYPE
Source rdacontent
Content type term text
337 ## - MEDIA TYPE
Source rdamedia
Media type term unmediated
338 ## - CARRIER TYPE
Source rdacarrier
Carrier type term volume
500 ## - GENERAL NOTE
General note Available at PPAK : OGOS 2004
General note Available at PPAK : JULAI-SEPTEMBER 2016
General note Available at PPAK : OKTOBER-DISEMBER 2016
650 10 - SUBJECT ADDED ENTRY--TOPICAL TERM
Topical term or geographic name entry element Malay literature
942 ## - ADDED ENTRY ELEMENTS (KOHA)
Koha item type Book
Source of classification or shelving scheme Dewey Decimal Classification
Holdings
Withdrawn Not for loan Current library Shelving location Date acquired Full call number Barcode Date last seen Koha item type Serial Enumeration / chronology Total Checkouts
  Not For Loan Perpustakaan Alor Setar Koleksi Shaidun Shaari 28/08/2008 KSS 899.23 WAR A00507041 09/05/2018 Book    
  Not For Loan Perpustakaan Alor Setar Koleksi Zahidi Zainol Rashid 19/03/2025 KZR 899.23 WAR A00367751 19/03/2025 Book Julai-September 2016  
  Not For Loan Perpustakaan Alor Setar Koleksi Zahidi Zainol Rashid 19/03/2025 KZR 899.23 WAR A00367752 19/03/2025 Book Oktober-Disember 2016